[Event "Niederbayernliga 1011"]
[Site "Germany"]
[Date "2010.11.14"]
[Round "3.6"]
[White "Danzer, Fabian"]
[Black "Schwarz, Hannes"]
[Result "1-0"]
[WhiteElo "1578"]
[BlackElo "1461"]
[PlyCount "98"]
[EventDate "2010.10.10"]
[EventType "team-tourn"]
[EventRounds "9"]
[EventCountry "GER"]
[SourceTitle "EXT 2012"]
[Source "ChessBase"]
[SourceDate "2011.11.24"]
[SourceVersion "1"]
[SourceVersionDate "2011.11.24"]
[SourceQuality "1"]
[WhiteTeam "Simbach"]
[BlackTeam "Bayerwald"]
[WhiteTeamCountry "GER"]
[BlackTeamCountry "GER"]

1. d4 d5 2. c4 e6 3. Nc3 Nf6 4. Bg5 Be7 5. e3 0-0 6. Nf3 c6 7. Bd3 Nbd7 8. 0-0 h6 9. Bf4 Nh5 10. c5 Nxf4 11. exf4 Nf6 12. Ne5 Nd7 13. Qg4 f5 14. Qg6 Nxe5 15. fxe5 Bd7 16. Ne2 Qe8 17. Qg3 g5 18. Bc2 Kh8 19. f4 g4 20. Qd3 Rg8 21. Kf2 Bh4+ 22. g3 Be7 23. Rh1 Qh5 24. h3 gxh3 25. Rh2 Qg4 26. Rah1 h5 27. Rxh3 Be8 28. Bd1 h4 29. Rxh4+ Bxh4 30. Rxh4+ Qxh4 31. gxh4 Rg4 32. Qh3 Rc8 33. Qh2 Rc7 34. Ng1 Rgg7 35. Nh3 Rh7 36. Ng5 Rh6 37. Kg3 b6 38. Qc2 Rb7 39. cxb6 Rxb6 40. Qc5 Kg8 41. Qe7 Rb8 42. Nxe6 Rg6+ 43. Kh3 Bf7 44. Ng5 Rg7 45. Ba4 Re8 46. Qxa7 Bh5 47. Qc5 Rc7 48. Bxc6 Rec8 49. Bxd5+ Kg7 1-0

[Event "Niederbayernliga 1011"]
[Site "Germany"]
[Date "2010.10.24"]
[Round "2.5"]
[White "Danzer, Fabian"]
[Black "Woestmann, Oliver"]
[Result "0-1"]
[WhiteElo "1578"]
[BlackElo "1510"]
[PlyCount "82"]
[EventDate "2010.10.10"]
[EventType "team-tourn"]
[EventRounds "9"]
[EventCountry "GER"]
[SourceTitle "EXT 2012"]
[Source "ChessBase"]
[SourceDate "2011.11.24"]
[SourceVersion "1"]
[SourceVersionDate "2011.11.24"]
[SourceQuality "1"]
[WhiteTeam "Simbach"]
[BlackTeam "Aham"]
[WhiteTeamCountry "GER"]
[BlackTeamCountry "GER"]

1. e4 e6 2. Nf3 d5 3. exd5 exd5 4. d4 Bg4 5. Bf4 Bd6 6. Bxd6 Qxd6 7. Nc3 c6 8. Qd3 Nd7 9. Be2 Qf4 10. Qe3+ Qxe3 11. fxe3 Ngf6 12. Bd3 0-0 13. 0-0-0 Rfe8 14. Rde1 Re7 15. e4 dxe4 16. Nxe4 Nxe4 17. Rxe4 Rxe4 18. Bxe4 Re8 19. Re1 Nf6 20. Ne5 Nxe4 21. Rxe4 Bh5 22. g4 Bg6 23. Rf4 f6 24. Nxg6 hxg6 25. h4 Re1+ 26. Kd2 Rh1 27. g5 fxg5 28. hxg5 Rg1 29. a4 Rxg5 30. b4 b5 31. a5 Rf5 32. Re4 Kf7 33. Ke3 g5 34. c3 a6 35. Ke2 Rf4 36. Re5 g4 37. Rg5 g6 38. Rc5 Rf5 39. Rxc6 g3 40. Rc5 Ke7 41. Ke3 g2 0-1

[Event "Niederbayernliga 0910"]
[Site "Germany"]
[Date "2010.02.07"]
[Round "6.8"]
[White "Danzer, Fabian"]
[Black "Schnurr, Christian"]
[Result "0-1"]
[WhiteElo "1367"]
[BlackElo "1619"]
[PlyCount "68"]
[EventDate "2009.10.18"]
[EventType "team-tourn"]
[EventRounds "9"]
[EventCountry "GER"]
[SourceTitle "EXT 2011"]
[Source "ChessBase"]
[SourceDate "2010.11.26"]
[SourceVersion "1"]
[SourceVersionDate "2010.11.26"]
[SourceQuality "1"]
[WhiteTeam "Simbach"]
[BlackTeam "Ergolding"]
[WhiteTeamCountry "GER"]
[BlackTeamCountry "GER"]

1. c4 e6 2. Nc3 f5 3. d3 Nf6 4. Bg5 Be7 5. Nf3 0-0 6. Qc2 d6 7. e4 fxe4 8. dxe4 e5 9. Rd1 Qe8 10. Nb5 Qc6 11. Bxf6 Bxf6 12. b4 a5 13. a3 Nd7 14. Be2 Nb6 15. Rc1 axb4 16. axb4 Be6 17. 0-0 Nc8 18. Bd3 h6 19. c5 d5 20. exd5 Bxd5 21. Bc4 Bxc4 22. Qxc4+ Kh8 23. Nc3 Ne7 24. Rfe1 Ng6 25. b5 Qe8 26. Nd5 Qf7 27. Qe4 Rab8 28. Nxc7 Bg5 29. Rc2 Qxc7 30. Qxg6 Qa5 31. Rxe5 Rxf3 32. Rce2 Rff8 33. c6 Bf6 34. Re8 Rbxe8 0-1